000 01075nam a2200301 i 4500
003 EG-GICUC
005 20260121101229.0
008 251116s1975 ku ||||fr|||| 00| 0 ara d
040 _a EG-GICUC
_bara
_c EG-GICUC
_d EG-GICUC
_erda
041 0 _hara
082 0 4 _221
_a345.0538
_bب ك . ق
092 0 4 _221
099 _aLaw1 07 345.0538 ب ك . ق 1975
100 0 _aبكـر القباني
_eمؤلف.
245 1 2 _aالقانون الإداري الكويتي /
_cدكـتور بكر القباني
264 1 _aالكويت :
_bجامعة الكـويت ،
_c1975.
300 _a335 صفحة ؛
_c24 سم.
336 _2rda content
_atext
337 _2rda media
_aComputer
338 _2rda carrier
_aOnline Resource
504 _aيشتمل على إرجاعات ببليوجرافية
504 _aببليوجرافيا صفحات : (315-322).
546 _aالنص باللغة العربية
650 1 _aالقانون الإداري
856 4 0 _uhttps://fll.law.cu.edu.eg/fulltext/bks/B07-00741.pdf
905 _a33
942 _2ddc
_cBK
_e21
_n0
999 _c43653
_d43653